000 00338nam a2200145Ia 4500
003 OSt
005 20240330124408.0
008 170523s9999 xx 000 0 und d
020 _a978-0070140011
040 _cIIMT UNIVERSITY MEERUT
100 _aSaha- S.K.
245 0 _aIntroduction to Robotics
260 _aT.M.H.
942 _2ddc
_c02
999 _c12026
_d12026